El Comercio / Director fundador propietario Cayetano M. Berardi
Descripción Física:
34 cm
Otros Autores:
Berardi, Cayetano M.
Materias:
Comerç -- Revistes
MARC
| LEADER | 00000nam a2200000Ia 4500 | ||
|---|---|---|---|
| 001 | |||
| 008 | 160829s1899 xx 000 0 cat d | ||
| 080 | |a Revistes | ||
| 245 | |a El Comercio / Director fundador propietario Cayetano M. Berardi | ||
| 260 | |a Buenos Aires : |b Victoria, |c 1899 | ||
| 300 | |a 34 cm | ||
| 590 | |a Quinzenal. | ||
| 590 | |a Descripció basada en: Año III, 1899 (feb. 61). | ||
| 590 | |a Prové de 1950, exp. 8 | ||
| 650 | |a Comerç |x Revistes |9 29960 | ||
| 700 | |a Berardi, Cayetano M. |9 47953 | ||
| 866 | |a Any 3, 1899 (61) | ||
| 901 | |a Arxiu | ||
| 942 | |n 1 | ||
| 952 | |0 0 |1 0 |4 0 |6 REVISTES |7 1 |9 54230 |a Arxiu |b Arxiu |d 2016-12-01 |l 0 |o Revistes |r 2016-12-01 00:00:00 |w 2016-12-01 |y ARXIU | ||
| 999 | |c 58099 |d 58099 | ||